Consultation on Climate Change (Scotland) Act 2009 (Record no. 112822)

MARC details
000 -LEADER
fixed length control field 01410cad a22002055a 4500
001 - CONTROL NUMBER
control field E154051
008 - FIXED-LENGTH DATA ELEMENTS--GENERAL INFORMATION
fixed length control field 111010s2011 xxk f s000 0 eng d
035 ## - SYSTEM CONTROL NUMBER
System control number (Sirsi) u154051
041 0# - LANGUAGE CODE
Language code of text/sound track or separate title eng
110 2# - MAIN ENTRY--CORPORATE NAME
Corporate name or jurisdiction name as entry element Scotland
Subordinate unit Scottish Government
9 (RLIN) 5344
245 00 - TITLE STATEMENT
Title Consultation on Climate Change (Scotland) Act 2009
Remainder of title section 63 regulations and guidance for non domestic buildings
Medium [electronic resource]
260 ## - PUBLICATION, DISTRIBUTION, ETC.
Place of publication, distribution, etc. Edinburgh
Name of publisher, distributor, etc. Scottish Government
Date of publication, distribution, etc. 2011
520 ## - SUMMARY, ETC.
Summary, etc. The Climate Change (Scotland) Act 2009 S63 includes a requirement for Scottish Ministers to provide a method of assessment of the energy performance of non-domestic buildings and greenhouse gases emissions, and for owners to improve energy efficiency. This consultation seeks views on a proposal for an Assessment of Carbon and Energy Performance (ACEP) for eligible exisiting non-domestic buildings. The ACEP would be made up of: an Energy Performance Certificate (EPC); a Recommendations Report; and an Action Plan. Deadline for comments is 20 January 2012.
590 ## - LOCAL NOTE (RLIN)
Local note KA
650 24 - SUBJECT ADDED ENTRY--TOPICAL TERM
Topical term or geographic name entry element CLIMATE CHANGE (SCOTLAND) ACT 2009 S63
651 #4 - SUBJECT ADDED ENTRY--GEOGRAPHIC NAME
Geographic name Scotland
Chronological subdivision 1999-
690 ## - LOCAL SUBJECT ADDED ENTRY--TOPICAL TERM (OCLC, RLIN)
Topical term or geographic name as entry element ENVIRONMENTAL AND LAND CONSULTANCY-ENERGY-ENERGY USE-ENERGY EFFICIENCY
856 40 - ELECTRONIC LOCATION AND ACCESS
Uniform Resource Identifier <a href="https://www.scotland.gov.uk/Topics/Built-Environment/Building/Building-standards/publications/pubconsult">https://www.scotland.gov.uk/Topics/Built-Environment/Building/Building-standards/publications/pubconsult</a>
Public note View the consultation free of charge at www.scotland.gov.uk
942 ## - ADDED ENTRY ELEMENTS (KOHA)
Suppress in OPAC 0
Holdings
Withdrawn status Lost status Source of classification or shelving scheme Damaged status Not for loan Home library Current library Shelving location Date acquired Total Checkouts Full call number Barcode Date last seen Copy number Price effective from Koha item type
    Dewey Decimal Classification     Virtual Virtual Online 10/10/2011   ONLINE PUBLICATION 154051-2001 06/08/2019 1 06/08/2019 Book